Classement des salaires moyens du monde - Statistiques

Statistiques générales
  • Ce quiz a été pris 2 274 fois
  • Le résultat moyen est 5 sur 10
Statistiques - réponses
Rangs Pays Salaire moyen % Correct
7 États-Unis 59 973
88%
3 Suisse 76 604
85%
4 Luxembourg 74 567
62%
1 Monaco 126 516
54%
5 Norvège 70 922
48%
10 Australie 47 992
46%
8 Danemark 57 749
38%
9 Singapour 54 122
35%
6 Irlande 64 353
24%
2 Bermudes 103 551
3%
Aucun quiz correspondant
Distribution des résultats
% des personnes avec chaque résultat
Percentile par nombre de réponses
Votre historique - résultats
Vous n’avez pas pris ce quiz